|
|
|
|
| LEADER |
00000nam0a2200000 4500 |
| 001 |
274972 |
| 005 |
20231101234759.0 |
| 010 |
|
|
|a 3540132724
|
| 035 |
|
|
|a (RuTPU)RU\TPU\book\298201
|
| 090 |
|
|
|a 274972
|
| 100 |
|
|
|a 20141111d1984 k y0engy50 ba
|
| 101 |
0 |
|
|a eng
|
| 102 |
|
|
|a DE
|
| 105 |
|
|
|a a z 001zy
|
| 200 |
1 |
|
|a Rare Gas Solids
|f H. Coufal [и др.]
|
| 210 |
|
|
|a Berlin
|c Springer-Verlag
|d 1984
|
| 215 |
|
|
|a 99 с.
|c il.
|
| 225 |
1 |
|
|a Springer Tracts in Modern Physics
|v Vol. 103
|
| 320 |
|
|
|a Index: p. 97-99
|
| 606 |
1 |
|
|a Инертные газы
|x Химия
|2 stltpush
|3 (RuTPU)RU\TPU\subj\75016
|9 86916
|
| 610 |
1 |
|
|a химические элементы
|
| 610 |
1 |
|
|a газы
|
| 610 |
1 |
|
|a твердые частицы
|
| 610 |
1 |
|
|a физические свойства
|
| 610 |
1 |
|
|a химические свойства
|
| 610 |
1 |
|
|a ядерный магнитный резонанс
|
| 610 |
1 |
|
|a исследования
|
| 610 |
1 |
|
|a английский язык
|
| 675 |
|
|
|a 546.29
|v 4
|
| 701 |
|
1 |
|a Coufal
|b H.
|
| 701 |
|
1 |
|a Lüscher
|b E.
|
| 701 |
|
1 |
|a Micklitz
|b H.
|
| 701 |
|
1 |
|a Micklitz
|b H.
|
| 701 |
|
1 |
|a Norberg
|b R. E.
|
| 801 |
|
1 |
|a RU
|b 63413507
|c 20141111
|
| 801 |
|
2 |
|a RU
|b 63413507
|c 20170124
|g RCR
|
| 942 |
|
|
|c BK
|